| 000 | 00838nam a2200265Ia 4500 | ||
|---|---|---|---|
| 003 | OSt | ||
| 005 | 20220925204959.0 | ||
| 006 | a|||||r|||| 00| 0 | ||
| 007 | ta | ||
| 008 | 220923b |||||||| |||| 00| 0 san d | ||
| 020 | _c5126.40 | ||
| 037 |
_b330, 17/11/2006, SHUBHAM BOOK SUPPLIER _cGeneral Book |
||
| 040 |
_aRTL _cRTL _bsan |
||
| 041 |
_2san _asan |
||
| 082 | _aY15:393, P6 | ||
| 100 |
_aBarrett Mary Ed. _9269392 |
||
| 245 | 0 | _aGender and communication at work | |
| 260 |
_aHampshire _bAshgate _c2006 |
||
| 300 |
_axv, 294p _ccm. |
||
| 490 | _aGender and Organizational Theory Series | ||
| 650 | _aGeography | ||
| 700 |
_a Davidson Marilyn J _9142195 |
||
| 942 |
_hY15:393, P6 _cGB _2CC |
||
| 999 |
_c550923 _d550923 |
||